| 000 | 00447nam a22001337a 4500 | ||
|---|---|---|---|
| 008 | 161021b xxu||||| |||| 00| 0 eng d | ||
| 022 | _a00340383 | ||
| 082 |
_2Nov 2008 - Jan 2009, v. 92 n. 548 - 550 _aDPer 050.5 _bR22 |
||
| 245 | _aReader's digest. | ||
| 260 |
_a[Australia]: _bReader's Digest Asia PTE, LTD., _cc2009. |
||
| 300 |
_avarious paging: _bcolor illustrations; _c19 cm. |
||
| 650 | 0 |
_922451 _aReader's digest _vPeriodicals |
|
| 942 |
_2ddc _cPER |
||
| 999 |
_c7389 _d7389 |
||